|
|
|
|
| LEADER |
00917ncm a22002652a 4500 |
| 001 |
000972375 |
| 003 |
CZ BrMZK |
| 005 |
20181002124554.0 |
| 007 |
qu |
| 008 |
091021s1961 xr |||||||||||||||||zxx d |
| 040 |
|
|
|a BOA001
|b cze
|
| 072 |
|
7 |
|a 788
|x Hudba pro dechové nástroje
|2 Konspekt
|9 9
|
| 100 |
1 |
|
|a Vlasák, Karel,
|d 1922-
|7 jx20090908079
|4 cmp
|
| 245 |
1 |
0 |
|a Veselé mládí
|h [hudebnina] /
|c Karel Vlasák. Chlumecká : polka / Eman Schuster
|
| 250 |
|
|
|a 1. vyd.
|
| 260 |
|
|
|a Praha :
|b Státní hudební vydavatelství,
|c 1961
|
| 300 |
|
|
|a 23 hlasů
|
| 490 |
1 |
|
|a Dechová hudba ;
|v 301
|
| 700 |
1 |
|
|a Schuster, Emanuel,
|d 1908-1980
|7 ola2002158811
|4 cmp
|
| 740 |
0 |
2 |
|a Chlumecká
|
| 830 |
|
0 |
|a Dechová hudba (Státní hudební vydavatelství)
|
| 910 |
|
|
|a BOA001
|b Mus1-0463.252
|
| 990 |
|
|
|a MU
|
| 991 |
|
|
|b 200910
|
| 996 |
6 |
|
|b 2619441045
|c Mus1-0463.252
|l MZK
|r Sklad / do 1 hodiny
|n 0
|w 000972375
|u 000010
|a 1
|e BOA001
|j MZK50
|s P
|